DBZ techniques - Statistics

General Stats
  • This quiz has been taken 829 times
  • The average score is 7 of 22
Answer Stats
Hint Answer % Correct
Essential body energy in every being Ki
94%
The wave of the turtle Kamehameha
68%
Energy attack used by various characters Ki blast
68%
One of Krillin's special attacks Kienzan
67%
2-hand energy wave used by Vegeta Final flash
55%
World king attack that multiplies body energy Kaioken
40%
Blinding technique mimicking the sun Taiyoken
40%
Technique that allows FTL travel Instant transmission
36%
Energy sphere that utilises energy from all life forms Genkidama
35%
Index finger ray attack Dodonpa
32%
Very powerful energy beam formed like a triangle Kikoho
32%
Controllable energy ball that Yamcha uses Sokidan
24%
A combination of Vegeta and Goku's ultimate attacks Big bang kamehameha
23%
Attack named by the creation of the universe Big bang attack
22%
Jeice's energy sphere attack Crusher ball
20%
Super fast energy ray fired from two fingers Makankosappo
16%
Inherited ability that increases saiyans' power at near death Zenkai
15%
Weird explosive phantoms technique Super ghost kamikaze attack
13%
Planet destroying index finger sphere that Frieza uses Death ball
12%
Violent violet energy beam in the end of the saiyan saga Gyarikku hou
12%
Ability that switches two individiual's frames Body change
11%
Broly tries this concentrated energy ball on cities and planets Eraser cannon
2%
No matching quizzes found
Score Distribution
Percent of People with Each Score
Percentile by Number Answered
Your Score History
You have not taken this quiz